| 000 | 01324cam a22004097a 4500 | ||
|---|---|---|---|
| 001 | 3970 | ||
| 003 | FISKH | ||
| 005 | 20240528154617.0 | ||
| 008 | 120619s2011 nyua j 001 0 eng d | ||
| 010 | _a 2011279018 | ||
| 020 | _a9780545202077 (pbk.) | ||
| 020 | _a0545202078 (pbk.) | ||
| 035 | _a(OCoLC)ocn711041319 | ||
| 040 |
_aBTCTA _beng _cBTCTA _dBKX _dTEF _dSINLB _dBDX _dDLC |
||
| 042 | _alccopycat | ||
| 050 | 0 | 0 |
_aQL644.2 _b.B468 2011 |
| 082 | 0 | 4 |
_a597.8 _a[E] _223 |
| 100 | 1 | _aBerger, Melvin. | |
| 245 | 1 | 0 |
_aAmphibians / _cby Melvin and Gilda Berger. |
| 260 |
_aNew York : _bScholastic, _c2011. |
||
| 300 |
_a46 pages : _bcolor illustrations ; _c23 cm |
||
| 490 | 1 | _aScholastic true or false | |
| 500 | _aIncludes index. | ||
| 505 | _aN | ||
| 520 | _aPoses true or false questions about toads, frogs, and other amphibians and reveals the answers with a turn of the page-- | ||
| 521 | 8 |
_a560
_bLexile estimate |
|
| 521 | 8 |
_aN
_bRaz-Plus |
|
| 650 | 0 |
_aAmphibians _vJuvenile literature. |
|
| 650 | 0 | _aChildren's questions and answers. | |
| 650 | 1 | _aAmphibians. | |
| 650 | 1 | _aQuestions and answers. | |
| 650 | 7 |
_aAmphibians _vMiscellanea. _2sears |
|
| 700 | 1 |
_aBerger, Gilda. _eAuthor |
|
| 906 |
_a7 _bcbc _ccopycat _d2 _encip _f20 _gy-gencatlg |
||
| 942 |
_2ddc _cBK _n0 |
||
| 999 |
_c3970 _d3970 |
||